000 00920nam a2200265Ia 4500
005 20220617174943.0
008 210716s2009 xx 000 0 und d
020 _a9788131708323
040 _cAIMIT LIBRARY
041 _aeng
082 _a005.82
_21
_bDASA
100 _aDas, Abhijit.
_943905
245 _aPublic-key cryptography :
_bTheory and practice /
_cBy Abhijit Das and C.E. Veni Madhavan.
250 _a1st ed.
260 _aNew Delhi :
_bPearson Education ,
_c2009.
300 _axxii, 562p. ;
_bPB ;
_c24 cm.
650 _aCryptography-Data encryption
_943906
650 _aMathematical Concepts
_943907
650 _aAlgebraic and Number-theoretic computations
_943908
650 _aCryptographic Algorithms
_943909
650 _aCryptanalysis in practice
_943910
650 _aQuantum computation cryptography
_943911
700 _aMadhavan, C E Veni.
_943912
942 _2ddc
_cBK
_e1st
_k005.82 DASA
999 _c193693
_d193693